Central London quarterly. - Quarter 1 (1999) - Quarter 4 (1999) (Record no. 99597)

MARC details
000 -LEADER
fixed length control field 00668cam a2200229 4500
001 - CONTROL NUMBER
control field J99522
008 - FIXED-LENGTH DATA ELEMENTS--GENERAL INFORMATION
fixed length control field 000000n2000 000 0 eng u
035 ## - SYSTEM CONTROL NUMBER
System control number (Sirsi) u100110
050 ## - LIBRARY OF CONGRESS CALL NUMBER
Classification number 333.33709421
110 ## - MAIN ENTRY--CORPORATE NAME
Corporate name or jurisdiction name as entry element Knight Frank
9 (RLIN) 1530
245 ## - TITLE STATEMENT
Title Central London quarterly. - Quarter 1 (1999) - Quarter 4 (1999)
260 ## - PUBLICATION, DISTRIBUTION, ETC.
Place of publication, distribution, etc. London
Name of publisher, distributor, etc. Knight Frank
Date of publication, distribution, etc. 1999-2000
300 ## - PHYSICAL DESCRIPTION
Extent 4 pt. ; 30cm.
650 ## - SUBJECT ADDED ENTRY--TOPICAL TERM
Topical term or geographic name entry element CITY OF LONDON
650 ## - SUBJECT ADDED ENTRY--TOPICAL TERM
Topical term or geographic name entry element DOCKLANDS
650 ## - SUBJECT ADDED ENTRY--TOPICAL TERM
Topical term or geographic name entry element MIDTOWN
650 ## - SUBJECT ADDED ENTRY--TOPICAL TERM
Topical term or geographic name entry element PROPERTY-COMMERCIAL PROPERTY-OFFICE PROPERTY-OFFICE PROPERTY MARKET
650 ## - SUBJECT ADDED ENTRY--TOPICAL TERM
Topical term or geographic name entry element OFFICES
650 ## - SUBJECT ADDED ENTRY--TOPICAL TERM
Topical term or geographic name entry element WEST END OF LONDON
690 ## - LOCAL SUBJECT ADDED ENTRY--TOPICAL TERM (OCLC, RLIN)
Topical term or geographic name as entry element PROPERTY-COMMERCIAL PROPERTY
942 ## - ADDED ENTRY ELEMENTS (KOHA)
Suppress in OPAC 0
Holdings
Withdrawn status Lost status Source of classification or shelving scheme Damaged status Not for loan Home library Current library Shelving location Date acquired Total Checkouts Full call number Barcode Date last seen Copy number Price effective from Koha item type Date last checked out
    Dewey Decimal Classification     London London Property market reports 29/09/1999   PROPERTY MARKET REPORTS 30058690 06/08/2019 1 06/08/2019 Book  
    Dewey Decimal Classification     London London Property market reports 01/11/1999   PROPERTY MARKET REPORTS 30059936 06/08/2019 2 06/08/2019 Book  
    Dewey Decimal Classification     London London Property market reports 25/11/1999 1 PROPERTY MARKET REPORTS 30060202 06/08/2019 3 06/08/2019 Book 15/03/2000
    Dewey Decimal Classification     London London Property market reports 10/05/2000   PROPERTY MARKET REPORTS 30061253 06/08/2019 4 06/08/2019 Book